00502 2200181 4500001002100000008004100021035002000062245005700082100001900139260004300158300001300201020002200214084001900236082001300255650001400268990001900282990001900301INLIS000000000003625 ind  a0010-0824000124 aMatematika dari Zaman ke ZamancWendi Hendra Saputra aYosep Supriadi ajakarta :bPT Listafariska Putrac2014 a101 hlm. a978-602-9232-34-9 a500.05.2 YOS m a500.05.2 aNon Fiksi aP29/CP/24/3562 aP29/CP/24/3561